Theory of union bargaining goals /

Bibliographic Details
Main Author: Atherton, Wallace N.
Format: Book
Language:English
Published: Princeton, N.J. : Princeton University Press, [1973]
Subjects:

MARC

Tag First Indicator Second Indicator Subfields
LEADER 00000cam a2200000 4500
001 in00000235721
005 20151009084302.0
008 731031s1973 njua b 00110 eng
010 |a  72014017  
019 |a 768284 
020 |a 0691041997  |c $9.50 
035 |a (OCoLC)00735816 
035 |9 ABA0640AM 
040 |a DLC  |c DLC  |d TXA  |d UtOrBLW 
049 |a TXAM  |c [1026149] 
050 0 0 |a HD6483  |b .A76 
082 0 |a 331.89/01/51 
100 1 |a Atherton, Wallace N. 
245 1 0 |a Theory of union bargaining goals /  |c [by] Wallace N. Atherton. 
264 1 |a Princeton, N.J. :  |b Princeton University Press,  |c [1973] 
300 |a x, 168 pages :  |b illustrations ;  |c 24 cm. 
336 |a text  |b txt  |2 rdacontent 
337 |a unmediated  |b n  |2 rdamedia 
338 |a volume  |b nc  |2 rdacarrier 
504 |a Includes bibliographical references. 
650 0 |a Collective bargaining  |x Mathematical models. 
999 |a MARS 
999 f f |s 162948ed-ccf7-3806-8798-31a12f7f475a  |i eb1fe941-6bfe-3905-8fbd-b4b7062cf553  |t 0 
952 f f |p ric  |a Texas A&M University  |b Rellis Campus  |c Joint Library Facility  |d Remote Storage  |t 0  |e HD6483 .A76  |h Library of Congress classification  |i unmediated -- volume  |m A14802688990 
998 f f |a HD6483 .A76  |t 0  |l Remote Storage